000
00253nam a2200097Ia 4500
008
190216s9999||||xx |||||||||||||| ||und||
100
_a
Sidhanath Kumar
245
0
_a
Hindi-Ekanki Ki Silpa Vidi Ka Vikas
260
_b
National Publishing House
942
_c
BK
999
_c
17350
_d
17350